Designing for small screens : mobile phones, smart phones, PDAs, pocket PCs, navigation systems, MP3 players, game consoles

Αποθηκεύτηκε σε:
Λεπτομέρειες βιβλιογραφικής εγγραφής
Μορφή: Βιβλίο
Γλώσσα:English
Δημοσίευση: Lausanne : AVA, 2005
Θέματα:
Ετικέτες: Προσθήκη ετικέτας
Δεν υπάρχουν, Καταχωρήστε ετικέτα πρώτοι!

MARC

LEADER 00000nam a2200000 i 4500
001 1/96336
008 081101s2005 eng d
020 |a 2-940373-07-8 
035 |l 10101302 
040 |a GR-MY-UA  |b gre  |e aacr 
041 0 |a eng 
082 0 |a 006.6  |2 (22) 
245 1 0 |a Designing for small screens :  |b mobile phones, smart phones, PDAs, pocket PCs, navigation systems, MP3 players, game consoles 
260 |a Lausanne :   |b AVA,   |c 2005 
300 |a 176 σ.;  |b έγχρ. εικ.;  |c 23 εκ. 
500 |a Σχεδιάστηκε από το studio 7.5, Βερολίνο 
504 |a Ευρετήριο: σ. 172-175 
650 0 0 |a Computer graphics. 
650 0 0 |a Information display systems. 
650 0 0 |a Optical data processing. 
650 0 0 |a Icons (Computer graphics)  |x Design. 
852 |a INST  |b LESVOS  |e 20081101  |h 006.6 DES  |p 005100043362  |q 005100043362  |t BK  |y 0 
901 |a BIBL1-2008-3 
909 |a Λ  |b 151677 
922 |a 1ΕΛΗ  |b 200803  |c ΕΠΕΑΕΚ2/ΠΤΕ  |d ΠΑΠΑΣΩΤΗΡΙΟΥ 
970 |a ΚΑΡΑ  |b ΓΙΑΣΕΜΗ  |z 2008/11/01